Quizzes
Events
Quiz Creation
Community
Videos
Private Events
Remove Ads
Sign In
Join for FREE
Feedback
Dark Mode
Quiz Categories
Sports
Geography
Music
Movies
Television
Just For Fun
Miscellaneous
History
Literature
Language
Science
Gaming
Entertainment
Religion
Holiday
For Kids
Quiz Lab
Recent
Popular Today
Quiz Kudos Today
Editor Picks
Curator Picks
Quizzes by...
Day
Popularity
Type
Ratings
Length
Year
Community
Subscriptions
Recent Discussions
Orange Saloon
Badges
Playlists
Quests
Create
Leaderboards
Showdown
Live 5
Trivia Bingo
Activity
Puzzle Library
Sporcle Events
Private Events
Virtual Trivia
Globe League
Become a Host
Pub Owners
SporcleCon
Opinionation
Our Games
Videos
Blog
Mobile Apps
Partnerships
Remove Ads and Go Orange
Feedback
Sports
Athletes
MLB
NBA
NHL
NFL
Soccer
Sports Teams
WWE
NCAA
Football
Premier League
Basketball
Baseball
Hockey
Golf
Tennis
Cricket
Rugby
Auto Racing
Olympics
World Cup
Sports
Athletes
MLB
NBA
NHL
NFL
Soccer
Sports Teams
WWE
NCAA
Football
Premier League
Basketball
Baseball
Hockey
Golf
Tennis
Cricket
Rugby
Auto Racing
Olympics
World Cup
Random Quiz
Search Sporcle
×
Quiz Lab
Quiz Lab
Sports
Basketball
Type in answers that appear in a list
Type in answers that appear in a list
Classic
Best Score? Go Orange.
NBA Rebounding Leaders by Height Stats
Can you name the NBA Rebounding Leaders by Height?
By
DarrenMark
5m
26 Questions
278 Plays
278 Plays
278 Plays
Comments
Comments
Give Quiz Kudos
Give Quiz Kudos
-
- Ratings
hide this ad
More Info
Replay
Link that replays current quiz
Next Quiz
Link to next quiz in quiz playlist
You Got
0%
They Got
Avg Score
44%
Avg Friend Score
Upgrade to see
Score Distribution
Jump to the score distribution portion of the page
Score
0/26
Timer
05:00
0
Plays Today
Height
Player
% Correct
7-
1
Wilt Chamberlain
87.4%
5-
3
Tyrone 'Muggsy' Bogues
84.5%
6-
9
Bill Russell
78.8%
7-
2
Kareem Abdul-Jabbar
72.3%
6-
6
Charles Barkley
70.9%
5-
6
Anthony 'Spud' Webb
70.5%
6-
10
Moses Malone
65.5%
7-
6
Shawn Bradley
65.5%
6-
4
Jason Kidd
50.4%
7-
7
Gheorghe Muresan
49.6%
6-
0
Allen Iverson
45.7%
5-
5
Earl Boykins
44.6%
7-
4
Mark Eaton
42.1%
Height
Player
% Correct
7-
0
Robert Parish
38.8%
6-
5
Elgin Baylor
38.1%
6-
7
Wes Unseld
38.1%
6-
11
Nate Thurmond
27%
6-
8
Buck Williams
25.2%
7-
3
Zydrunas Ilgauskas
18.3%
5-
9
Calvin Murphy
18%
5-
10
Damon Stoudamire
8.6%
6-
2
Hal Greer
8.6%
7-
5
Chuck Nevitt
7.9%
6-
1
Lenny Wilkens
7.2%
5-
11
Terrell Brandon
6.1%
6-
3
Don Kojis
0.7%
Quiz Playlist
Details
Report
Send in Message
Add To Playlist
More Info:
Statistics as of November 5, 2010; all stats are from basketball-reference.com (including heights)
Classic:
Type in answers that appear in a list
Quiz Source
Last Updated: Feb 16, 2017
Quiz Scoreboard
CHALLENGE
Sign Up to Join the Scoreboard
Show All
Scores
Hide
Comments
May contain spoilers
Recently Published
Billboard Blitz: Fleetwood Mac
by CooCooCachoo
Music
15s
Presidents Visiting Landmarks
by Hejman
History
7m
An Introduction to Baseball
by treessimontrees
Sports
5m
More to Explore
Quiz From the Vault
Featured Blog Post
Where Did the Easter Bunny Come From?
hide this ad
You Might Also Like...
Tags
Basketball Quiz
NBA Quiz
Career
height
Player
rebounds
Today's Top Quizzes in Sports
Browse Sports
hide this ad
Today's Top Quizzes in Basketball
Browse Basketball
Top Contributed Quizzes in Sports
1
Les meilleurs buteurs des matchs entre le PSG et l’OM
2
2022 World Cup Stars
3
FIFA Club World Cup Champions
4
Les entraîneurs de l'OM et du PSG au 21e siècle
5
Criteria MLB: Left Handed Sluggers
6
AFC Teams Reveal (Wrong Answers Minefield)
7
5-to-1: UK Sports Teams
8
Name the Premier League winners with different clubs
9
5-to-1: FBS Animal Nicknames
10
Players with Multiple 50 Home Run Seasons
Explore More
Trending Topics
NBA
Harry Potter
Kpop
Anime
Crossword
Disney
Marvel
Pokémon
NFL
WWE
Song
Country
Puzzle
Soccer
The Office
hide this ad
More By:
DarrenMark
Quiz
Plays
Rating
Category
Featured
Created
Word Ladder: Courtside Seats
17,300
3.69
Just For Fun
Feb 20, 2011
Word Ladder: Road Trip!
11,129
4.62
Just For Fun
Dec 6, 2014
Educated NBA All-Stars
4,488
4.40
Sports
Feb 20, 2011
Disneyland-themed Word Ladder
1,377
4.83
Just For Fun
Feb 22, 2011
NBA Top Scorers by Birth Year
525
5.00
Sports
Nov 5, 2010
Go to Creator's Profile
Score Distribution
Quiz Creator Spotlight
DarrenMark
Follow
Send a Message
Quizzes Created
-
Created Quiz Play Count
-
More By This Creator
Popular Quizzes Today
1
Find the US States - No Outlines Minefield
2
Find the Countries of Europe - No Outlines Minefield
3
The Countries of the World
4
Find the US States
5
Risky Map Clicking: Biggest States A-Z
6
US States
7
Popular People in 1961
8
Movies - When Are They Set?
More Sports Quizzes
NHL Chain Quiz
Quiz Lab
Trending Quizzes
Risky Map Clicking: Least Populous States A-Z
1-10 Letter G Words
1-10 Letter F Words
Risky Map Clicking: Next State Alphabetically
Click the Washington State Counties! (Map)
Recently Updated
Leaping Animals
pecheneg
Reality TV Shows (A-Z)
bhenderson79
Rickey Henderson's Hall of Fame Teammates
pecheneg
Champions League XIs: Arsenal
pecheneg
Quick Pick: Celebrities in WWE's Hall of Fame
aduchscher
A-Z Keypad Blitz II
pecheneg
Multiple Oscar Actors
pecheneg
Mystery Phrase Blitz: Oscar 'Best Actors'
pecheneg
F. Scott Fitzgerald Novels
LTH
Pick 3 Villains
ddd62291
Trending Topics
Harry Potter
Disney
NBA
Anime
Kpop
Crossword
Marvel
Song
Country
WWE
NFL
Pokémon
The Office
Soccer
Puzzle
Your Account Isn't Verified!
In order to create a playlist on Sporcle, you need to verify the email address you used during registration. Go to your
Sporcle Settings
to finish the process.
Report this User
Report this user for behavior that violates our
Community Guidelines
.
Details:
Send Report
Go to the Sporcle.com Mobile Site →
Comments